000 00351 a2200157 4500
001 75829
020 _a9788506066423
040 _cAnchieta - Colégio São Paulo
100 _aAguiar, Luiz Antonio
240 1 0 _aOs miseráveis
_lpor
245 1 0 _aOs miseráveis
300 _a39
362 0 _a2011
650 4 _aLiteratura infantil
942 _cBK
999 _c75829
_d75829